Ultimatly Safely in the Hospitality Industry (Record no. 420988)

MARC details
000 -LEADER
fixed length control field 00348nam a2200145Ia 4500
008 - FIXED-LENGTH DATA ELEMENTS--GENERAL INFORMATION
fixed length control field 230605s2000 xx 000 0 und d
041 ## - LANGUAGE CODE
Language code of text/sound track or separate title eng
100 ## - MAIN ENTRY--PERSONAL NAME
Personal name D.K.
245 ## - TITLE STATEMENT
Title Ultimatly Safely in the Hospitality Industry
260 ## - PUBLICATION, DISTRIBUTION, ETC.
Name of publisher, distributor, etc. Dorling pub.
Date of publication, distribution, etc. 2000
300 ## - PHYSICAL DESCRIPTION
Extent 640p
520 ## - SUMMARY, ETC.
Summary, etc. Hard Board
520 ## - SUMMARY, ETC.
Summary, etc. Reference Copy
650 ## - SUBJECT ADDED ENTRY--TOPICAL TERM
Topical term or geographic name entry element Dict.

No items available.